000 00538 a2200181 4500
999 _c7109
_d7109
020 _a0194424545
050 0 0 _aHB171 LIP 1995
100 1 _aLipsey, Richard G.,
_d1928-
_eauthor
245 1 3 _aAn introduction to positive economics,
_cby Richard G. Lipsey & K. Alec Chrystal
250 _a8th ed.
264 _aOoxford :
_bELBS,
_c1995.
300 _avarious pages
_billus.
500 _aIncludes index
504 _aincludes index
650 0 _aEconomics.
700 _aChrystal, K. Alec
_eauthor
942 _2lcc
_cBK
_e8th ed.
_h171
_iLIP
_kHB